Doubting : (Record no. 23464)

000 -LEADER
fixed length control field 01034cam a2200277 a 4500
001 - CONTROL NUMBER
control field 2926986
005 - DATE AND TIME OF LATEST TRANSACTION
control field 20170126113704.0
008 - FIXED-LENGTH DATA ELEMENTS--GENERAL INFORMATION
fixed length control field 891025s1990 ne b 001 0 eng
010 ## - LIBRARY OF CONGRESS CONTROL NUMBER
LC control number 89029547
020 ## - INTERNATIONAL STANDARD BOOK NUMBER
International Standard Book Number 0792305760 (alk. paper)
050 00 - LIBRARY OF CONGRESS CALL NUMBER
Classification number BD201
Item number .D68 1990
245 00 - TITLE STATEMENT
Title Doubting :
Remainder of title contemporary perspectives on skepticism /
Statement of responsibility, etc. edited by Michael D. Roth and Glenn Ross.
260 ## - PUBLICATION, DISTRIBUTION, ETC. (IMPRINT)
Place of publication, distribution, etc. Dordrecht [Netherlands] ;
-- Boston :
Name of publisher, distributor, etc. Kluwer Academic Publishers,
Date of publication, distribution, etc. c1990.
300 ## - PHYSICAL DESCRIPTION
Extent viii, 217 p. ;
Dimensions 24 cm.
440 #0 - SERIES STATEMENT/ADDED ENTRY--TITLE
Title Philosophical studies series ;
Volume/sequential designation v. 48
504 ## - BIBLIOGRAPHY, ETC. NOTE
Bibliography, etc Includes bibliographical references.
650 #0 - SUBJECT ADDED ENTRY--TOPICAL TERM
Topical term or geographic name as entry element Skepticism.
700 1# - ADDED ENTRY--PERSONAL NAME
Personal name Roth, Michael David,
Dates associated with a name 1936-
700 1# - ADDED ENTRY--PERSONAL NAME
Personal name Ross, Glenn,
Dates associated with a name 1953-
942 ## - ADDED ENTRY ELEMENTS (KOHA)
Source of classification or shelving scheme
Koha item type Hard Covered Materials
Holdings
Withdrawn status Lost status Source of classification or shelving scheme Damaged status Not for loan Home library Current library Shelving location Date acquired Source of acquisition Total Checkouts Full call number Barcode Date last seen Price effective from Koha item type
          MACHAKOS UNIVERSITY LIBRARY MACHAKOS UNIVERSITY LIBRARY Technical section 26/01/2017 Donation(BFA)   BD 201 .D68 1990 32392 29/05/2018 26/01/2017 Hard Covered Materials
© Machakos University Library, Along The Highway, Machakos Wote Rd, Machakos, Kenya P.O. Box 136 - 90100 Machakos - Kenya

Tel: ( +254 ) 723 805829 OR Fax : 044-20353 OR Email: library@mksu.ac.ke